00318 a2200121 450000100060000010000050000624500160001126000260002709000170005394200230007099900190009395200840011246167 a aGeo Gra Phy aLondonbPaul Humlync c29272d29272 aNUST-CAEcMc21416 c281240d281240 001040708NFICaCAEbCAEd2017-04-03l0pCAE37959r2017-04-05w2017-04-05yBK